Statistics for Parishes of Guernsey

Click here to take the quiz!

General Stats

  • This quiz has been taken 58 times
  • The average score is 8 of 10

Answer Stats

HintAnswer% Correct
St Peter Port
100%
St Andrew
91%
St Sampson
91%
Torteval
88%
Vale
85%
Castel
82%
St Martin
82%
Forest
79%
St Pierre du Bois
73%
St Saviour
73%

Score Distribution

Percentile by Number Answered

Percent of People with Each Score

Your Score History

You have not taken this quiz